[Event "Madurai Athens of the East op-C U1700"]
[Site "Madurai"]
[Date "2023.12.25"]
[Round "5"]
[White "Yogesh, Selvam"]
[Black "Prem, Muthu Avaneesh"]
[Result "1-0"]
[WhiteElo "1527"]
[BlackElo "1315"]
[PlyCount "100"]
[EventDate "2023.12.24"]
[EventType "swiss"]
[EventRounds "9"]
[EventCountry "IND"]
[SourceTitle "CB06_2024"]
[SourceDate "2024.02.07"]
[SourceVersion "1"]
[SourceVersionDate "2024.02.07"]
[SourceQuality "1"]

1. Nf3 d5 2. g3 Nf6 3. Bg2 g6 4. 0-0 Bg7 5. d4 0-0 6. c4 c6 7. cxd5 cxd5 8. Nc3 Nc6 9. Ne5 e6 10. Nxc6 bxc6 11. Na4 Nd7 12. Be3 Ba6 13. Rc1 Rc8 14. Qd2 Bb5 15. Nc5 Nxc5 16. Rxc5 Re8 17. Rfc1 Bf8 18. R5c2 a5 19. Bh6 Bxh6 20. Qxh6 Qf6 21. Qd2 a4 22. e3 Qe7 23. Bf1 Qb7 24. Rc5 Bxf1 25. Kxf1 Rb8 26. R1c2 Rec8 27. Kg2 Qb4 28. Qe2 Qb6 29. h4 Ra8 30. h5 Qa6 31. Qd1 Qb7 32. h6 Ra6 33. Qf3 Qe7 34. b4 axb3 35. axb3 Rb6 36. b4 Rxb4 37. Rxc6 Rxc6 38. Rxc6 Rb8 39. Qf4 Re8 40. Rc7 Qf8 41. Qf6 Ra8 42. g4 Re8 43. f4 Ra8 44. Kf3 Re8 45. Rd7 Ra8 46. Re7 Rc8 47. f5 exf5 48. gxf5 gxf5 49. Re5 Rc1 50. Re8 Qxe8 1-0